WWE WrestleMania XXIV Match Card - Statistics

General Stats
  • This quiz has been taken 22 times
  • The average score is 38 of 50
Answer Stats
Match type Wrestler % Correct
Singles Batista
100%
Triple threat John Cena
100%
Battle Royal Kane
100%
Singles Kane
100%
Triple threat Randy Orton
100%
Career Threatening Shawn Michaels
100%
Singles The Undertaker
100%
Singles Umaga
100%
Singles Chavo Guerrero
94%
Money in the Bank CM Punk
94%
Battle Royal Cody Rhodes
94%
Singles Edge
94%
Belfast Brawl Finlay
94%
Career Threatening Ric Flair
94%
Triple threat Triple H
94%
Playboy BunnyMania Lumberjill Beth Phoenix
88%
Belfast Brawl John "Bradshaw" Layfield
88%
Battle Royal Kofi Kingston
88%
Battle Royal Mark Henry
88%
Money in the Bank Shelton Benjamin
88%
No Disqualification Big Show
81%
Money in the Bank Chris Jericho
81%
Money in the Bank John Morrison
81%
Playboy BunnyMania Lumberjill Melina
81%
Money in the Bank Mr. Kennedy
81%
Battle Royal The Great Khali
81%
Battle Royal The Miz
81%
No Disqualification Floyd "Money" Mayweather
75%
Battle Royal Hardcore Holly
75%
Playboy BunnyMania Lumberjill Maria
75%
Money in the Bank MVP
75%
Playboy BunnyMania Lumberjill Ashley
69%
Money in the Bank Carlito
69%
Battle Royal Jimmy Wang Yang
69%
Battle Royal Tommy Dreamer
69%
Battle Royal Elijah Burke
63%
Battle Royal Jamie Noble
63%
Battle Royal Chuck Palumbo
56%
Battle Royal Snitsky
56%
Battle Royal The Brian Kendrick
56%
Battle Royal Deuce
50%
Battle Royal Domino
50%
Battle Royal Festus
50%
Battle Royal Jesse
50%
Battle Royal Lance Cade
50%
Battle Royal Trevor Murdoch
50%
Battle Royal Val Venis
50%
Battle Royal Shannon Moore
44%
Battle Royal Jim Duggan
38%
Battle Royal Stevie Richards
38%
No matching quizzes found
Score Distribution
Percent of People with Each Score
Percentile by Number Answered
Your Score History
You have not taken this quiz